000 00507nam a22002057a 4500
999 _c3998
_d3998
003 Nust
005 20180521044318.0
008 161206b xxu||||| |||| 00| 0 eng d
020 _a978-8184110999 (Hbk)
040 _cNust
041 _heng
082 _a070.41
_bDAS
100 _aDash, Ajay
_910318
245 _aNews Editing
260 _aNew Delhi:
_bSonali Publications,
_c2008
300 _a297p.
504 _aIncludes bibliography
650 _aNews editing-Journalism
_910319
942 _2ddc
_cBK